000 00336 a2200157 4500
001 68257
020 _a9788588487574
040 _cAnchieta - Pituba
100 _aAraújo Neto, Gorgonio José de
240 1 0 _aDe versos
_lpor
245 1 0 _aDe versos
300 _a144
362 0 _a2018
650 4 _aPoesia brasileira
942 _cBK
999 _c68257
_d68257